000 00541cam a22002171 4500
001 sa 68000345
003 DLC
005 20260227112423.0
008 890507s1964 xx 000 0 tamo
010 _asa 68000345
035 _a(OCoLC)23573771
040 _aDLC
_cMiU
_dDLC
042 _apremarc
050 0 0 _aB133.R366
_bS68
100 0 _aPi. Śrī.,
_d1892-1981.
245 1 0 _aŚrī Rāmānujar.
260 _c[1964]
300 _axi, 320 p.
_billus., plates.
_c22 cm.
500 _aRomanized.
600 0 0 _aRāmānuja,
_d1017-1137.
999 _c77141
_d77141